01833nam a2200349   4500003000900000005001700009008004100026017001100067020001500078040004600093041000800139082002700147092000700174099003500181100005700216245012500273264007600398300002800474336002200502337002400524338003300548504006400581546011600645650007400761856005700835905001700892942001900909999001700928952017900945952017901124952018001303EG-GICUC20260121101144.0251105s1989    |||||||fr|||| 00| 0 ara d  a894114  a977154053X  a EG-GICUCbarac EG-GICUCd EG-GICUCerda0 aara04221a341.84bا ح . ت04221  aLaw1 12	341.84 ا ح . ت	19890 aأحمد عبد الحميد عشوشeمؤلف.10aتنازع مناهج تنازع القوانين :bدراسة مقارنة /cأحمد عبد الحميد عشوش. 1aالإسكندرية :bمؤسسة شباب الجامعة،c1989.  a156 ؛صفحةc24 سم  2rda contentatext  2rda mediaaComputer  2rda carrieraOnline Resource  aيشتمل على إرجاعات ببليوجرافية.
  aالنص أغلبه باللغة العربية بعض النصوص الإنجليزية والفرنسية1 aتنازع القوانين.xالقانون الدولى الخاص.40uhttps://fll.law.cu.edu.eg/fulltext/bks/B12-00695.pdf  aRawan khaled  2ddcn0cBKe21  c40961d40961  00102ddc40718القانون الدولي الخاصaCUbLAW1d2025-11-05l0oLaw1 12	341.84 ا ح . ت	1989 1200695	C1pB12-00695r2025-11-05 09:23:40t1w2025-11-05yBK  00102ddc40718القانون الدولي الخاصaCUbLAW1d2025-11-05l0oLaw1 12	341.84 ا ح . ت	1989 1200474	C2pB12-00474r2025-11-05 10:54:00t2w2025-11-05yBK  00102ddc40718القانون الدولي الخاصaCUbLAW2d2025-11-11l0oLaw2 12	341.84 ا ح . ت	1989 1200971  C3pB12-00971r2025-11-11 14:55:23t3w2025-11-11yBK